Smlouva o sdružení podnikatelů. 1.

Charakteristika náležitostí zmluvy o združení, resp. konzorcia, ako formy spojenia podnikateľov k dosiahnutiu zjednaného účelu - k realizácii určitého obchodného prípadu, bez toho, že by pri tom vznikla právnická osoba.

Salvato in:
Dettagli Bibliografici
Autore principale: Nesnídal, Jiří
Natura: Capitolo di libro
Lingua:ceco
Soggetti:
Tags: Aggiungi Tag
Nessun Tag, puoi essere il primo ad aggiungerne!!

MARC

LEADER 00000naa a2200000 4500
001 r010532
005 20220831084123.3
041 0 |a cze 
044 |a [CS] 
245 1 0 |a Smlouva o sdružení podnikatelů. 1.  |c Jiří Nesnídal 
520 |a Charakteristika náležitostí zmluvy o združení, resp. konzorcia, ako formy spojenia podnikateľov k dosiahnutiu zjednaného účelu - k realizácii určitého obchodného prípadu, bez toho, že by pri tom vznikla právnická osoba. 
610 2 0 |a konzorciá 
610 2 0 |a podnikatelia 
610 2 0 |a zákonník obchodný 
610 2 0 |a zmluvy obchodné 
610 2 0 |a subjektivita právna 
100 1 |a Nesnídal, Jiří